| 000 | 00793nam a22002057a 4500 | ||
|---|---|---|---|
| 005 | 20180416103409.0 | ||
| 010 | _aB-690786-787 | ||
| 020 |
_a9788180423444 _c400.00 |
||
| 035 | _aB-690786-787 | ||
| 037 |
_bModern Pub. House _adpl |
||
| 082 | _a920 | ||
| 100 | _aLotay, Rajinder Kaur | ||
| 245 |
_aIndian heroes & heroines of world war-II : _cby Rajinder Kaur Lotay _bSeptember 9, 1939 - May 8, 1945 / |
||
| 260 |
_aNew Delhi _bModern Pub. House _c2016 |
||
| 270 |
_a9, Gole Market, Daryaganj, _bNew Delhi _e110002 |
||
| 300 |
_a144p. _c23cm(Hb) |
||
| 500 | _aBalidani | ||
| 942 |
_2ddc _cEN _mLOT _h920 |
||
| 999 |
_c151209 _d151209 |
||